|
|
|
|
| LEADER |
00996nta a2200229 i 4500 |
| 001 |
dokt637 |
| 005 |
20190712151203.0 |
| 008 |
110105s2011 hu om 0|| eng d |
| 024 |
7 |
|
|a 10.14232/phd.637
|2 doi
|
| 024 |
7 |
|
|a 1922991
|2 mtmt
|
| 040 |
|
|
|a SZTE Doktori Repozitórium
|b hun
|
| 041 |
|
|
|a eng
|
| 100 |
1 |
|
|a Varga Erika
|
| 245 |
1 |
0 |
|a Histopathological aspects of unusual skin tumors with clinical correlations
|h [elektronikus dokumentum] /
|c Varga Erika
|
| 246 |
1 |
0 |
|a Ritkán előforduló bőrdaganatok szövettani jellemzői és klinikai vonatkozásai
|h [elektronikus dokumentum]
|
| 260 |
|
|
|c 2011-01-12
|
| 502 |
|
|
|a Disszertacio
|
| 650 |
|
4 |
|a klinikai orvostudományok
|
| 700 |
1 |
|
|a Oláh Judit
|e ths
|
| 856 |
4 |
0 |
|u https://doktori.bibl.u-szeged.hu/id/eprint/637/1/PHDSz%C3%B6veg.pdf
|z Dokumentum-elérés
|
| 856 |
4 |
0 |
|u https://doktori.bibl.u-szeged.hu/id/eprint/637/3/T%C3%A9zisek2.pdf
|z Dokumentum-elérés
|
| 856 |
4 |
0 |
|u https://doktori.bibl.u-szeged.hu/id/eprint/637/4/Table5.pdf
|z Dokumentum-elérés
|